[Event "Bikaner op 1st"]
[Site "Bikaner"]
[Date "2022.10.09"]
[Round "10"]
[White "Nitin, Senthilvel"]
[Black "Pawar, Harshit"]
[Result "1-0"]
[WhiteElo "2407"]
[BlackElo "2141"]
[PlyCount "87"]
[EventDate "2022.10.01"]
[EventType "swiss"]
[EventRounds "10"]
[EventCountry "IND"]
[SourceTitle "CBM 210 Extra"]
[Source "ChessBase"]
[SourceDate "2022.11.30"]
[SourceVersion "1"]
[SourceVersionDate "2022.11.30"]
[SourceQuality "1"]

1. e4 e5 2. Nc3 Nf6 3. g3 d5 4. exd5 Nxd5 5. Bg2 Nxc3 6. bxc3 Bd6 7. Nf3 0-0 8. 0-0 Nd7 9. Re1 Re8 10. d3 h6 11. c4 Nf8 12. Bb2 Bg4 13. h3 Bxf3 14. Qxf3 c6 15. Qg4 Qd7 16. Qh5 f6 17. Rab1 Bc5 18. Bc3 Rab8 19. Kf1 Qf7 20. Qxf7+ Kxf7 21. f4 Nd7 22. fxe5 fxe5 23. Bf3 Bd4 24. Bb4 Bc5 25. Bh5+ g6 26. Bg4 Bxb4 27. Bxd7 Bxe1 28. Bxe8+ Kf8 29. Bxc6 Bxg3 30. Be4 Ke7 31. Ke2 Bf4 32. c5 b5 33. Bxg6 b4 34. Be4 Rb5 35. c6 Rc5 36. Rxb4 Rxc2+ 37. Kf3 Kd6 38. Ra4 Rh2 39. Rxa7 Rxh3+ 40. Kg4 Rh2 41. Kf5 Rh5+ 42. Kf6 Rg5 43. Rd7+ Kc5 44. Kf7 1-0

[Event "Raipur Chhattisgarh"]
[Site "Raipur"]
[Date "2022.09.25"]
[Round "7"]
[White "Pawar, Harshit"]
[Black "Mrudul, Dehankar"]
[Result "1-0"]
[WhiteElo "2111"]
[BlackElo "2256"]
[PlyCount "111"]
[EventDate "2022.09.19"]
[EventType "swiss"]
[EventRounds "10"]
[EventCountry "IND"]
[SourceTitle "CBM 210 Extra"]
[Source "ChessBase"]
[SourceDate "2022.11.30"]
[SourceVersion "1"]
[SourceVersionDate "2022.11.30"]
[SourceQuality "1"]

1. d4 Nf6 2. Nc3 d5 3. Bf4 Bf5 4. e3 e6 5. Nf3 c6 6. Ne5 Qb6 7. Rb1 h6 8. h3 Nbd7 9. Bd3 Bxd3 10. cxd3 Be7 11. 0-0 a5 12. a3 0-0 13. Qc2 Nxe5 14. Bxe5 Nd7 15. Bg3 Rfc8 16. Rfc1 c5 17. Qa4 Qc6 18. dxc5 Nxc5 19. Qd1 b5 20. d4 Nd7 21. Qf1 b4 22. Nb5 Qb7 23. a4 Nb6 24. b3 Rxc1 25. Rxc1 Rc8 26. Qd1 Rc6 27. Rc2 Nd7 28. Qc1 Rxc2 29. Qxc2 Bd8 30. f3 Bb6 31. Bd6 Nf6 32. g4 Ne8 33. Bf4 Qd7 34. Kg2 f6 35. Bg3 Qb7 36. h4 Qd7 37. Bf4 Qb7 38. g5 hxg5 39. hxg5 f5 40. Be5 Kf7 41. Kg3 Bd8 42. f4 Kg8 43. Kf2 Qd7 44. Ke1 Be7 45. Qh2 Bf8 46. Qh5 Qc6 47. Kd1 Qd7 48. Kc2 Be7 49. Kb1 Bf8 50. Kb2 Qe7 51. Nc7 g6 52. Qxg6+ Ng7 53. Bxg7 Bxg7 54. Qxe6+ Qxe6 55. Nxe6 Kf7 56. Nc7 1-0

[Event "Raipur Chhattisgarh"]
[Site "Raipur"]
[Date "2022.09.21"]
[Round "3"]
[White "Pawar, Harshit"]
[Black "Avinash, Ramesh"]
[Result "1/2-1/2"]
[WhiteElo "2111"]
[BlackElo "2328"]
[PlyCount "69"]
[EventDate "2022.09.19"]
[EventType "swiss"]
[EventRounds "10"]
[EventCountry "IND"]
[SourceTitle "CBM 210 Extra"]
[Source "ChessBase"]
[SourceDate "2022.11.30"]
[SourceVersion "1"]
[SourceVersionDate "2022.11.30"]
[SourceQuality "1"]

1. e4 e5 2. Nc3 Nf6 3. f4 d5 4. fxe5 Nxe4 5. Qf3 f5 6. d3 Nxc3 7. bxc3 d4 8. Qg3 Nc6 9. Be2 Be6 10. Bf3 Qd7 11. Bxc6 Qxc6 12. c4 Bb4+ 13. Bd2 Bxd2+ 14. Kxd2 0-0-0 15. Ne2 g5 16. Rab1 Qa6 17. Rb5 c6 18. Rb2 Qa5+ 19. Kc1 Rhg8 20. Kb1 f4 21. Qe1 Qxe5 22. Nxd4 Qxe1+ 23. Rxe1 Bxc4 24. Nf5 Rgf8 25. Ne7+ Kc7 26. dxc4 g4 27. c3 f3 28. gxf3 gxf3 29. Rf2 Rd7 30. Re3 Kd8 31. Nxc6+ bxc6 32. Rexf3 Rxf3 33. Rxf3 Rg7 34. Rh3 Kc7 35. Kc2 1/2-1/2

[Event "Chennai op 13th"]
[Site "Chennai"]
[Date "2022.06.23"]
[Round "7"]
[White "Stupak, Kirill"]
[Black "Pawar, Harshit"]
[Result "1-0"]
[WhiteElo "2453"]
[BlackElo "1873"]
[PlyCount "115"]
[EventDate "2022.06.19"]
[EventType "swiss"]
[EventRounds "10"]
[EventCountry "IND"]
[SourceTitle "CBM 209 Extra"]
[Source "ChessBase"]
[SourceDate "2022.09.30"]
[SourceVersion "1"]
[SourceVersionDate "2022.09.30"]
[SourceQuality "1"]

1. d4 Nf6 2. c4 e6 3. g3 Bb4+ 4. Nc3 d6 5. Bg2 0-0 6. Qc2 Nc6 7. Nf3 e5 8. dxe5 dxe5 9. 0-0 Bxc3 10. Qxc3 Qe7 11. b3 Bg4 12. Bb2 Rfe8 13. Rfe1 Rad8 14. h3 Bf5 15. Rad1 h6 16. Qe3 Be4 17. Bc3 Nb4 18. Rxd8 Rxd8 19. Qxa7 Nc2 20. Rf1 Nd7 21. Ne1 Bxg2 22. Kxg2 Nxe1+ 23. Rxe1 Nc5 24. Bb4 b6 25. Qa3 e4 26. Qc1 e3 27. Qxe3 Qxe3 28. fxe3 Ne4 29. Rc1 c5 30. Be1 f5 31. g4 g6 32. gxf5 gxf5 33. Kf3 Kf7 34. Kf4 Ke6 35. Bh4 Rg8 36. Rd1 Nc3 37. Re1 Ne4 38. Rd1 Nc3 39. Re1 Ne4 40. Rh1 Rg7 41. a3 Rg8 42. a4 Rg7 43. Ra1 Rg2 44. a5 bxa5 45. Rxa5 Rxe2 46. Ra6+ Kd7 47. Rxh6 Nd2 48. Kxf5 Nxb3 49. Rh7+ Kc6 50. Rh6+ Kd7 51. Ke4 Rd2 52. Be1 Rd1 53. Bc3 Nc1 54. h4 Ne2 55. Be5 Ng1 56. h5 Nh3 57. Rg6 Nf2+ 58. Kf3 1-0

[Event "Visakhapatnam Vizag op"]
[Site "Visakhapatnam"]
[Date "2022.06.16"]
[Round "9"]
[White "Pawar, Harshit"]
[Black "Aradhya, Garg"]
[Result "1-0"]
[WhiteElo "1873"]
[BlackElo "2275"]
[PlyCount "153"]
[EventDate "2022.06.10"]
[EventType "swiss"]
[EventRounds "10"]
[EventCountry "IND"]
[SourceTitle "CBM 208 Extra"]
[Source "ChessBase"]
[SourceDate "2022.07.31"]
[SourceVersion "1"]
[SourceVersionDate "2022.07.31"]
[SourceQuality "1"]

1. Nf3 d5 2. e3 c5 3. d4 Nf6 4. c4 e6 5. Nc3 cxd4 6. Nxd4 Nc6 7. cxd5 Nxd5 8. Bb5 Nxc3 9. bxc3 Bd7 10. Nxc6 bxc6 11. Be2 Be7 12. 0-0 0-0 13. Rb1 Qc7 14. e4 c5 15. Be3 Bc6 16. f3 Bd6 17. g3 Bxg3 18. hxg3 Qxg3+ 19. Kh1 Qh3+ 20. Kg1 Qg3+ 21. Kh1 f5 22. Rf2 fxe4 23. Qg1 Qxg1+ 24. Kxg1 exf3 25. Bc4 Kh8 26. Bxc5 Rf4 27. Rb4 a5 28. Rb6 Rxc4 29. Rxc6 Rxc3 30. Rb2 h6 31. Rb3 Rc1+ 32. Kf2 a4 33. Rb7 Ra5 34. Rc8+ Kh7 35. Bd4 Rxc8 36. Rxg7+ Kh8 37. Rc7+ e5 38. Rxc8+ Kh7 39. Bc3 Rb5 40. Kxf3 Rb1 41. Bxe5 Rb4 42. Bc3 Rh4 43. a3 Kg6 44. Rc6+ Kf5 45. Rc5+ Ke6 46. Bb4 Kd7 47. Ra5 Kc6 48. Rxa4 Kb7 49. Ra5 Kb6 50. Rf5 Ka6 51. Kg3 Rh1 52. a4 Rb1 53. Rf6+ Kb7 54. Bd2 h5 55. a5 Rg1+ 56. Kf2 Rg8 57. a6+ Ka8 58. Rh6 Rf8+ 59. Ke2 h4 60. Be3 Re8 61. Rxh4 Rd8 62. Bd4 Rf8 63. Kd3 Rc8 64. Rh7 Re8 65. Kc4 Rd8 66. Bc5 Rg8 67. Kb5 Re8 68. Bd6 Rc8 69. Ka5 Rd8 70. Bc5 Re8 71. Rd7 Rg8 72. Rc7 Rh8 73. Kb5 Kb8 74. Bd6 Ka8 75. Kb6 Rb8+ 76. Rb7 Rxb7+ 77. axb7# 1-0

[Event "Visakhapatnam Vizag op"]
[Site "Visakhapatnam"]
[Date "2022.06.14"]
[Round "7"]
[White "Pawar, Harshit"]
[Black "Jubin, Jimmy"]
[Result "0-1"]
[WhiteElo "1873"]
[BlackElo "2259"]
[PlyCount "108"]
[EventDate "2022.06.10"]
[EventType "swiss"]
[EventRounds "10"]
[EventCountry "IND"]
[SourceTitle "CBM 208 Extra"]
[Source "ChessBase"]
[SourceDate "2022.07.31"]
[SourceVersion "1"]
[SourceVersionDate "2022.07.31"]
[SourceQuality "1"]

1. e4 c6 2. Nc3 d5 3. Nf3 g6 4. d4 Bg7 5. Be3 dxe4 6. Nxe4 Nf6 7. Nxf6+ exf6 8. Bc4 0-0 9. Qd2 Nd7 10. 0-0 Nb6 11. Bb3 Bg4 12. Ne1 Nd5 13. Bxd5 Qxd5 14. Nd3 Rfe8 15. Rfe1 Bf5 16. b3 Rad8 17. Nc5 Bc8 18. c3 g5 19. f3 h6 20. Bf2 b6 21. Rxe8+ Rxe8 22. Re1 Rd8 23. Nd3 Be6 24. Qe2 Bf8 25. Nb4 Qd7 26. Nc2 Bf5 27. Ne3 Re8 28. Qd2 Be6 29. Qd3 Rd8 30. Rd1 f5 31. h4 f4 32. Nc4 f6 33. Re1 Bf5 34. Qe2 Kf7 35. Nd2 Re8 36. Ne4 g4 37. g3 h5 38. Kh2 Kg6 39. Qd1 Bh6 40. Nd2 gxf3 41. Qxf3 Bg4 42. Qd3+ Bf5 43. Qf3 Bg4 44. Qd3+ Bf5 45. Qf3 fxg3+ 46. Qxg3+ Kf7 47. Rxe8 Qxe8 48. Nc4 Qe2 49. Nd6+ Ke6 50. Nxf5 Kxf5 51. Qh3+ Ke4 52. Qg2+ Kd3 53. c4 Bf4+ 54. Kh3 Qe6+ 0-1

[Event "Visakhapatnam Vizag op"]
[Site "Visakhapatnam"]
[Date "2022.06.13"]
[Round "5"]
[White "Pawar, Harshit"]
[Black "Hossain, Enamul"]
[Result "1/2-1/2"]
[WhiteElo "1873"]
[BlackElo "2413"]
[PlyCount "133"]
[EventDate "2022.06.10"]
[EventType "swiss"]
[EventRounds "10"]
[EventCountry "IND"]
[SourceTitle "CBM 208 Extra"]
[Source "ChessBase"]
[SourceDate "2022.07.31"]
[SourceVersion "1"]
[SourceVersionDate "2022.07.31"]
[SourceQuality "1"]

1. d4 d5 2. Nf3 Nf6 3. Bf4 c5 4. e3 cxd4 5. exd4 Nc6 6. c3 g6 7. Bd3 Bg7 8. h3 0-0 9. Nbd2 Nd7 10. 0-0 f6 11. Qb3 e6 12. Rae1 Re8 13. Re2 Nb6 14. Rfe1 Bd7 15. h4 Rc8 16. Qa3 Bf8 17. Bd6 Bxd6 18. Qxd6 Qc7 19. Qc5 Nd8 20. Qb4 a5 21. Qb3 Ba4 22. Qa3 Qe7 23. Qxe7 Rxe7 24. Nb3 Bxb3 25. axb3 a4 26. bxa4 Nxa4 27. Nh2 Nb6 28. Ra1 Kg7 29. Nf3 Nc6 30. Bb5 h5 31. g3 Nd8 32. Bd3 Nd7 33. Bb5 Nf8 34. Ra7 Nf7 35. Nd2 Nd6 36. Ba4 Kf7 37. Re1 b5 38. Rxe7+ Kxe7 39. Bb3 Nc4 40. Bxc4 bxc4 41. Rb1 Nd7 42. b3 cxb3 43. Rxb3 Rc6 44. Kf1 Ra6 45. Ke2 Ra2 46. Ke3 e5 47. dxe5 fxe5 48. Nf3 Kd6 49. Rb7 e4 50. Nd4 Ne5 51. f3 Rg2 52. Rb6+ Kd7 53. Rb7+ Kc8 54. Re7 Nxf3 55. Kf4 Rf2 56. Ke3 Rd2 57. Nxf3 Rd3+ 58. Kf4 Rxf3+ 59. Ke5 Rxc3 60. Kxd5 Rxg3 61. Rxe4 Kd7 62. Ke5 Rf3 63. Rf4 Rxf4 64. Kxf4 Ke7 65. Ke4 Ke6 66. Kf4 Kf6 67. Ke4 1/2-1/2

[Event "Bhopal op"]
[Site "Bhopal"]
[Date "2019.12.28"]
[Round "10"]
[White "Pranav, V."]
[Black "Pawar, Harshit"]
[Result "1-0"]
[WhiteElo "2264"]
[BlackElo "1823"]
[PlyCount "74"]
[EventDate "2019.12.21"]
[EventType "swiss"]
[EventRounds "10"]
[EventCountry "IND"]
[SourceTitle "CBM 194 Extra"]
[Source "ChessBase"]
[SourceDate "2020.03.31"]
[SourceVersion "1"]
[SourceVersionDate "2020.03.31"]
[SourceQuality "1"]

1. e4 d5 2. exd5 Nf6 3. d4 Bg4 4. f3 Bf5 5. Bb5+ Nbd7 6. Nc3 a6 7. Ba4 b5 8. Bb3 Nb6 9. Nge2 Nfxd5 10. Nxd5 Nxd5 11. 0-0 g6 12. Ng3 Bc8 13. Re1 Bg7 14. c3 0-0 15. Ne4 e6 16. Bg5 f6 17. Bh4 c6 18. Nc5 Re8 19. a4 Rb8 20. axb5 axb5 21. Ra7 Re7 22. Qa1 Kh8 23. Kh1 Qe8 24. Bg3 e5 25. dxe5 fxe5 26. Rxe7 Qxe7 27. Nd3 Qb7 28. Nxe5 Ra8 29. Qd1 Bf5 30. Nxc6 Nf6 31. Nd8 Qa7 32. Qd6 Rc8 33. Bh4 Qc7 34. Qxf6 h5 35. Re7 Qxe7 36. Qxe7 Ra8 37. Qe8+ Kh7 1-0